000 00641nam a2200205Ia 4500
003 GCL
008 140319s9999 xx 000 0 ara d
040 _aGCL /
_cGCL
082 0 4 _a259
_bا ك
100 1 _aاحمد محمد شاكر
245 1 0 _aكلمة الحق /
_cاحمد محمد شاكر
700 1 _aعبدالسلام محمد هارون
260 _a[S.N] :
_bمكتبة السنة للنشر والتوزيع
300 _a314 ص
490 _aمقالات وابحاث احمد محمد شاكر
_v0
650 0 4 _aالدين الاسلامى
650 0 4 _aالفتوى
650 0 4 _aالارشاد
942 _2ddc
_cBK
999 _c52785
_d52785